000 00733nam a2200241 i 4500
001 bg
100 1 _aMAJCHRZYCKA-GUZOWSKA, Alina
245 1 0 _aFinanse i prawo finansowe /
_cAlina Majchrzycka-Guzowska.
250 _aWyd. 3 zm.
260 _aWarszawa :
_bWydawnictwa Prawnicze PWN,
_c1997.
300 _a420, [1] s. :
_b1 rys. ;
_c24 cm.
504 _aBibliogr. przy rozdz., wykaz aktów normatywnych s. 405-409.
650 9 _aFinanse
_xprawo
_zPolska
650 9 _aFinanse
_zPolska
_yod 1989 r.
655 _aPodręczniki akademickie
020 _a8386702893
040 _cBPK
041 0 _apl
080 _a336+347.73](438)(075.8)
920 _a83-86702-89-3
942 _cKS
008 s pl f |000 0 pol
999 _c33514
_d33514
856 _uhttp://koha.tu.koszalin.pl/cgi-bin/koha/opac-detail.pl?biblionumber=33514
_yKatalog online BPK